00819 a2200205 4500010001400000020002600014035001300040037001600053082001600069090001700085245011800102260004000220270008000260300002400340490003900364500002100403942003100424999001700455952014100472 aENG-89732 a9788178298191c650.00 aEN-73265 bDBAD / PUB14a362.8709545 c11574d115741 aBlisters on their feet:cedited by Samir Kumar Dasbtales of internally displaced persons in India 's North East/ aNew DelhibSage Publicationsc2008 aB1/11, Mohan Cooperative Industrial Area, Mathura RoadbNew Delhie110 044 a347p.c22 cm. (Hb) aSage studies on India's North East aIncludes index. adplcENk 362.8709545/ BLI c11258d11258 00102ddc40718NFICaDBADbDBADeDBAD/PUBg650.00l0o362.8709545 BLIpEN-73265r2008-09-15 00:00:00t1u12367v650.00w2008-09-15yEN